Central Library OPAC University of Rajshahi

ثقافت پاکستان / S̲aqāfat-i Pākistān / (Record no. 81929)

MARC details
000 -LEADER
fixed length control field 00953cam a2200229 a 4500
001 - CONTROL NUMBER
control field 81929
003 - CONTROL NUMBER IDENTIFIER
rucl marc code BD-RjUL
005 - DATE AND TIME OF LATEST TRANSACTION
control field 20230917154704.0
008 - FIXED-LENGTH DATA ELEMENTS--GENERAL INFORMATION
fixed length control field 230914s1948 p a b 001 0 pk d
035 ## - SYSTEM CONTROL NUMBER
System control number (BD-RjUL)81929
040 ## - CATALOGING SOURCE
Original cataloging agency UKM
Transcribing agency UKM
Modifying agency BD-RjUL
Language of cataloging eng
041 ## - LANGUAGE CODE
Language code of text/sound track or separate title urd
082 04 - DEWEY DECIMAL CLASSIFICATION NUMBER
Classification number 891.43909
Edition number 23
Author mark and year IKS 1948
100 1# - MAIN ENTRY--PERSONAL NAME
Personal name اکرام، اىس. اىم ;; Ikram, S. M.
9 (RLIN) 35739
Dates associated with a name 1908-1973
245 10 - TITLE STATEMENT
Title ثقافت پاکستان / S̲aqāfat-i Pākistān /
Statement of responsibility, etc. murattabah, Shaik̲h̲ Muḥammad Ikrām ;; مرتبه، شىخ محمد اکرام., اکرام، اىس. اىم.
260 ## - PUBLICATION, DISTRIBUTION, ETC. (IMPRINT)
Place of publication, distribution, etc. Karāchī :
Name of publisher, distributor, etc. ادارۂ مطبوعات پاکستان، Idārah-yi Mat̤būʻāt-i Pākistān,, ,
Date of publication, distribution, etc. 1948
300 ## - PHYSICAL DESCRIPTION
Pagination 344 pages ; :
Illustrations ill. ;
Size 23 cm.
504 ## - BIBLIOGRAPHY, ETC. NOTE
Bibliography, etc Includes bibliographical references and index.
650 ## - SUBJECT ADDED ENTRY--TOPICAL TERM
Topical term or geographic name as entry element Pakistani literature
Form subdivision History and criticism
9 (RLIN) 9017
Topical term or geographic name as entry element Urdu literature
Form subdivision History and criticism
942 ## - ADDED ENTRY ELEMENTS (KOHA)
Source of classification or shelving scheme Dewey Decimal Classification
Koha item type Books
Holdings
Lost status Source of classification or shelving scheme Damaged status Not for loan Collection code Permanent Location Current Location Shelving location Date acquired Total Checkouts Full call number Date last seen Copy number Koha item type Source of acquisition
  Dewey Decimal Classification   Not For Loan Non-fiction Central Library, University of Rajshahi Central Library, University of Rajshahi Reading Room 17/09/2023   U 891.43909 IKS 1948 17/09/2023 C-1 Books  
  Dewey Decimal Classification     Non-fiction Central Library, University of Rajshahi Central Library, University of Rajshahi General Stacks 10/02/1956   U 891.43909 IKS 1948 24/09/2023 C-2 Books  
  Dewey Decimal Classification     Non-fiction Central Library, University of Rajshahi Central Library, University of Rajshahi General Stacks 04/03/2024   U 891.43909 IKS 1948 04/03/2024 C-3 Books qazimi